<?xml version="1.0" encoding="UTF-8"?><?xml-stylesheet type="text/xsl" href="static/style.xsl"?><OAI-PMH xmlns="http://www.openarchives.org/OAI/2.0/" xmlns:xsi="http://www.w3.org/2001/XMLSchema-instance" xsi:schemaLocation="http://www.openarchives.org/OAI/2.0/ http://www.openarchives.org/OAI/2.0/OAI-PMH.xsd"><responseDate>2026-06-02T12:46:21Z</responseDate><request verb="GetRecord" identifier="oai:riuma.uma.es:10630/23025" metadataPrefix="marc">https://riuma.uma.es/rest/oai/request</request><GetRecord><record><header><identifier>oai:riuma.uma.es:10630/23025</identifier><datestamp>2026-02-03T12:15:27Z</datestamp><setSpec>com_10630_2254</setSpec><setSpec>col_10630_37959</setSpec></header><metadata><record xmlns="http://www.loc.gov/MARC21/slim" xmlns:dcterms="http://purl.org/dc/terms/" xmlns:doc="http://www.lyncode.com/xoai" xmlns:xsi="http://www.w3.org/2001/XMLSchema-instance" xsi:schemaLocation="http://www.loc.gov/MARC21/slim http://www.loc.gov/standards/marcxml/schema/MARC21slim.xsd">
   <leader>00925njm 22002777a 4500</leader>
   <datafield ind2=" " ind1=" " tag="042">
      <subfield code="a">dc</subfield>
   </datafield>
   <datafield ind2=" " ind1=" " tag="720">
      <subfield code="a">Campos-Soria, Juan Antonio</subfield>
      <subfield code="e">author</subfield>
   </datafield>
   <datafield ind2=" " ind1=" " tag="720">
      <subfield code="a">Marfil-Cotilla, Marina</subfield>
      <subfield code="e">author</subfield>
   </datafield>
   <datafield ind2=" " ind1=" " tag="260">
      <subfield code="c">2021</subfield>
   </datafield>
   <datafield ind2=" " ind1=" " tag="520">
      <subfield code="a">This paper discusses the factors that determine the wage differences between men and women in the Spanish hospitality industry across the wage distribution. In general, previous studies have analysed the gender wage gap from a global perspective, without taking into account the heterogeneity across the wage distribution. It has also shown that there are factors such as vertical segregation, labour mobility or “glass ceilings” that it have a special impact on specific occupational groups (Burguess, 2003; Skalpe, 2007; Baum, 2013; Carvalho, Costa, Lykke, Torres, 2019); thus, it would be of interest to the state of the art to look more closely at the main factors that determining the gender wage gap, and in particular its discriminatory component across wage distribution. Using matched employer-employee data from a sample of 4,991 workers, we propose different wage decompositions based on quantile regressions, under the assumption of equal and different returns. Our results show that the wage advantage of men presents an increasing profile along the wage distribution, being particularly relevant in the higher wage group. Furthermore, its shown the existence of a high degree of gender wage discrimination in the sector, although it is decreasing across the wage distribution. Differences in returns of human capital and vertical segregation are the main causes that explain the discriminatory component. In addition, there is evidence of the possible existence of the so-called “glass ceiling”.</subfield>
   </datafield>
   <datafield ind1="8" ind2=" " tag="024">
      <subfield code="a">Marfil-Cotilla, M., and Campos-Soria, J.A. (2021): Decomposing the gender wage-gap in the hospitality industry: A quantile approach. XXXIV Congreso Internacional de Economía Aplicada, ASEPELT-2021. Universidad de Jaén , España. 06-09/10/2021.</subfield>
   </datafield>
   <datafield ind1="8" ind2=" " tag="024">
      <subfield code="a">https://hdl.handle.net/10630/23025</subfield>
   </datafield>
   <datafield tag="653" ind2=" " ind1=" ">
      <subfield code="a">Discriminación sexual</subfield>
   </datafield>
   <datafield tag="653" ind2=" " ind1=" ">
      <subfield code="a">Turismo - Personal</subfield>
   </datafield>
   <datafield ind2="0" ind1="0" tag="245">
      <subfield code="a">Decomposing the gender wage-gap in the hospitality industry: a quantile approach</subfield>
   </datafield>
</record>
</metadata></record></GetRecord></OAI-PMH>